000 00842nam a2200265Ia 4500
003 OSt
005 20220925181744.0
006 a|||||r|||| 00| 0
007 ta
008 220923b |||||||| |||| 00| 0 eng d
020 _a0256204600
_c7836.9799999999996
037 _b1763, 28/01/2016, Pranami Book Service
_cGeneral Book
040 _aRTL
_cRTL
_beng
041 _2eng
_aeng
082 _aX:51-8y773.N7, L8;N7
100 _aBERNHARDT Kenneth L
_9254708
245 0 _aCases in marketing management
250 _a7th
260 _aChicago
_bIrwin
_c1997
300 _axv,665p
_ccm.
650 _aCommerce
700 _a KINNEAR Thomas C
_9254709
942 _hX:51-8y773.N7, L8;N7
_cGB
_2CC
999 _c500197
_d500197